Dopravné a prepravné prostriedky (návody na cvičenia)

Bibliographic Details
Main Author: Ližbetin, Ján (Author)
Format: Software eBook
Language:Slovak
Published: Žilina Žilinská univerzita 2008
Edition:1. vyd.
Subjects:

MARC

LEADER 00000nam a2200000 a 4500
001 vtls009450554
003 SK-MaSNL
005 20260301211035.0
007 co bg anuua
008 240313s2008 xo oal fsp 000 0 slo
015 |a SNBS2011/02-01260 
020 |a 9788080708658  |q (elektronická kniha) 
040 |a SNK  |b slo  |c SNK  |e AACR2 
041 0 |a slo 
044 |a xo  |c SK 
072 7 |a 656  |x Doprava  |2 konspekt 
080 |a 656  |2 2001 
080 |a 656.025.4  |2 2001 
080 |a (075.8)  |2 2001 
080 |a (076.5)  |2 2001 
080 |a (0.034.44)  |2 2001 
100 1 |a Ližbetin, Ján  |4 aut  |9 485494 
245 1 0 |a Dopravné a prepravné prostriedky  |h elektronický zdroj  |b (návody na cvičenia)  |c Ján Ližbetin 
250 |a 1. vyd. 
260 |a Žilina  |b Žilinská univerzita  |c 2008 
300 |a 1 elektronický optický disk (CD-ROM)  |c 12 cm 
500 |a Názov z titulnej obrazovky 
516 |a Textový dokument (učebnica), 2 súbory vo formáte pdf 
538 |a Technické požiadavky: Adobe Reader 6.0 
650 0 7 |a doprava  |2 SNKPH  |9 1777 
650 0 7 |a dopravné prostriedky  |2 SNKPH  |9 66633 
650 0 7 |a preprava tovaru  |2 SNKPH  |9 31438 
655 7 |a elektronické zdroje  |2 SNKPH  |9 90954 
655 7 |a CD-ROM  |2 SNKPH  |9 70236 
655 7 |a učebnice vysokých škôl  |2 SNKPH  |9 70191 
655 7 |a praktické cvičenia  |2 SNKPH  |9 70517 
919 |a 978-80-8070-865-8 
999 |c 915537  |d 917467 
952 |a SNK  |b SNK  |y PREZ  |7 0  |p 17A0605382  |o snkSCDM 2040  |i snk2008/22786  |8 0  |0 0  |1 0  |4 0  |d 2008-12-01  |l 0  |r 2026-02-24 07:58:00  |w 2026-02-24 
952 |t snkDOP 656  |a SNKMST  |b SNKMST  |y PREZ  |7 0  |p 17A0607240  |o snkSCDM 2040 D1  |i snk2008/23321  |8 0  |0 0  |1 0  |4 0  |d 2008-12-11  |l 0  |r 2025-08-12 00:00:00  |w 2026-02-24